Power electronics: (Record no. 576806)

000 -LEADER
fixed length control field 00401nam a22001457a 4500
020 ## - INTERNATIONAL STANDARD BOOK NUMBER
International Standard Book Number 9789332584587
082 ## - DEWEY DECIMAL CLASSIFICATION NUMBER
Classification number 621.317
Author Mark RAS
100 ## - MAIN ENTRY--PERSONAL NAME
Personal name Rashid, H. Muhammad
9 (RLIN) 123604
245 ## - TITLE STATEMENT
Title Power electronics:
Remainder of title Devices, Circuits and Applications
250 ## - EDITION STATEMENT
Edition statement 4th Edition
260 ## - PUBLICATION, DISTRIBUTION, ETC.
Place of publication, distribution, etc. India
Name of publisher, distributor, etc. Pearson
Date of publication, distribution, etc. 2018
300 ## - PHYSICAL DESCRIPTION
Extent 1024 P
650 ## - SUBJECT ADDED ENTRY--TOPICAL TERM
Topical term or geographic name entry element DEE. Textbook POWER ELECTRONICS
9 (RLIN) 123603
942 ## - ADDED ENTRY ELEMENTS (KOHA)
Koha item type Text Books
Source of classification or shelving scheme
Holdings
Withdrawn status Lost status Source of classification or shelving scheme Damaged status Not for loan Permanent Location Current Location Shelving location Date acquired Full call number Barcode Date last seen Price effective from Koha item type
          College of Electrical & Mechanical Engineering (CEME) College of Electrical & Mechanical Engineering (CEME) Reference 09/26/2019 621.317 RAS CEME- 49980 06/28/2021 06/28/2021 Book
          College of Electrical & Mechanical Engineering (CEME) College of Electrical & Mechanical Engineering (CEME) Reference 09/26/2019 621.317 RAS CEME- 49981 06/28/2021 06/28/2021 Book
          College of Electrical & Mechanical Engineering (CEME) College of Electrical & Mechanical Engineering (CEME) Reference 09/26/2019 621.317 RAS CEME- 49982 06/28/2021 06/28/2021 Book
          College of Electrical & Mechanical Engineering (CEME) College of Electrical & Mechanical Engineering (CEME) Reference 09/26/2019 621.317 RAS CEME- 49983 06/28/2021 06/28/2021 Book
          College of Electrical & Mechanical Engineering (CEME) College of Electrical & Mechanical Engineering (CEME) Reference 09/26/2019 621.317 RAS CEME- 49984 06/28/2021 06/28/2021 Book
© 2023 Central Library, National University of Sciences and Technology. All Rights Reserved.